[Event "Junior Online 4NCL Division 4"]
[Site "online"]
[Date "2020.06.04"]
[Round "8.86"]
[White "Phillips, Freddie"]
[Black "Masacorale, Jamie"]
[Result "1-0"]
[WhiteElo "1390"]
[BlackElo "1457"]
[PlyCount "91"]
[EventDate "2020.06.04"]
[WhiteTeam "Woking Warriors"]
[BlackTeam "Ojays E"]

1. e4 c5 2. Bc4 Nc6 3. Nf3 e6 4. Nc3 Nf6 5. O-O d5 6. exd5 exd5 7. Bb5 Bd7 8.
Bxc6 Bxc6 9. Ne5 Bd6 10. Nxc6 bxc6 11. g3 O-O 12. d3 Qd7 13. Bg5 Be7 14. Re1
Rfe8 15. Re3 Ng4 16. Rxe7 Rxe7 17. Bxe7 f6 18. Bxc5 Ne5 19. d4 Ng4 20. Qe2 Re8
21. Qd2 Nh6 22. Re1 Rc8 23. Re7 Qh3 24. Qe2 Rd8 25. Re8+ Kf7 26. Qe7+ Kg6 27.
Rxd8 Ng4 28. Qe1 Qxh2+ 29. Kf1 Qh1+ 30. Ke2 Qh5 31. Kd1 Nxf2+ 32. Kc1 Qg5+ 33.
Qd2 Qxg3 34. Bd6 Qg1+ 35. Nd1 Ne4 36. Qd3 Qg5+ 37. Qe3 Qg2 38. b3 Qh1 39. Qe2
Nc3 40. Qg4+ Kh6 41. Bf4+ g5 42. Rd6 Ne4 43. Bxg5+ Nxg5 44. Rxf6+ Kg7 45. Qxg5+
Kh8 46. Rf8# 1-0

[Event "Junior Online 4NCL Division 4"]
[Site "online"]
[Date "2020.06.04"]
[Round "8.87"]
[White "Li, Evan"]
[Black "Seet, Joshua"]
[Result "1-0"]
[WhiteElo "1435"]
[BlackElo "1277"]
[PlyCount "37"]
[EventDate "2020.06.04"]
[WhiteTeam "Ojays E"]
[BlackTeam "Woking Warriors"]

1. e4 e6 2. Nf3 d5 3. Nc3 c5 4. Bb5+ Nc6 5. d4 cxd4 6. Nxd4 Bd7 7. Nxc6 Bxc6 8.
Bd3 Bb4 9. Bd2 Bxc3 10. Bxc3 d4 11. Bb4 Qb6 12. a3 a5 13. Bd6 Qxb2 14. O-O Nf6
15. e5 Nd5 16. Qg4 O-O-O 17. Qxg7 Ne3 18. Qxf7 Nxf1 19. Qc7# 1-0

[Event "Junior Online 4NCL Division 4"]
[Site "online"]
[Date "2020.06.04"]
[Round "8.88"]
[White "Wicks, Alexander"]
[Black "Zeng, Rosa"]
[Result "1-0"]
[WhiteElo "1285"]
[BlackElo "1412"]
[PlyCount "35"]
[EventDate "2020.06.04"]
[WhiteTeam "Woking Warriors"]
[BlackTeam "Ojays E"]

1. e4 e5 2. Nf3 Nc6 3. Bb5 Bc5 4. Nxe5 Nxe5 5. d4 Bxd4 6. Qxd4 Qe7 7. O-O Nf6
8. Bg5 h6 9. Bh4 O-O 10. Nc3 d6 11. Nd5 Qd8 12. Nxf6+ gxf6 13. f4 a6 14. fxe5
axb5 15. exd6 Re8 16. Bxf6 Qd7 17. Bh8 Kf8 18. Qg7# 1-0

[Event "Junior Online 4NCL Division 5"]
[Site "online"]
[Date "2020.04.16"]
[Round "1.11"]
[White "Jayakumar, Bharath"]
[Black "Parizad, Anjal"]
[Result "1-0"]
[WhiteElo "1255"]
[BlackElo "1000"]
[PlyCount "31"]
[EventDate "2020.04.16"]
[WhiteTeam "Harrow Juniors D"]
[BlackTeam "Leicestershire Juniors 4"]

1. d4 d5 2. c4 dxc4 3. e4 e6 4. Bxc4 Nf6 5. Nc3 Nc6 6. Nf3 Bd6 7. e5 Nxd4 8.
Qxd4 Ne4 9. Nxe4 Bb4+ 10. Nc3 O-O 11. O-O Bd7 12. Qg4 Bc5 13. Bh6 Bxf2+ 14.
Rxf2 Qf6 15. exf6 Rfe8 16. Qxg7# 1-0

[Event "Junior Online 4NCL Division 5"]
[Site "online"]
[Date "2020.04.16"]
[Round "1.12"]
[White "Miles, Jacob"]
[Black "Rahman, Faraz"]
[Result "0-1"]
[WhiteElo "1022"]
[BlackElo "1202"]
[PlyCount "68"]
[EventDate "2020.04.16"]
[WhiteTeam "Leicestershire Juniors 4"]
[BlackTeam "Harrow Juniors D"]

1. e4 c6 2. Qh5 Nf6 3. Qe5 d6 4. Qg3 e5 5. d3 Be6 6. Bg5 h6 7. Bh4 g5 8. Bxg5
hxg5 9. Qxg5 Qe7 10. Be2 Nbd7 11. Nc3 O-O-O 12. d4 exd4 13. Na4 Nxe4 14. Qa5
Kb8 15. Ba6 bxa6 16. Qb4+ Nb6 17. Qa5 Qb7 18. Nf3 Nxa4 19. Qxd8+ Qc8 20. Qa5
Nec5 21. Nxd4 Nb6 22. Nf3 Bg7 23. Ng5 Bxb2 24. Rb1 Bf6 25. Rxb6+ axb6 26. Qxb6+
Qb7 27. Qa5 Bxg5 28. f4 Bxf4 29. Rf1 Bxh2 30. Rf3 Qb5 31. Qa3 Re8 32. Rc3 Bd5+
33. Kd2 Bf4+ 34. Kd1 Qe2# 0-1

[Event "Junior Online 4NCL Division 5"]
[Site "online"]
[Date "2020.04.16"]
[Round "1.13"]
[White "Karjodkar, Praneeta"]
[Black "Norton, Laurence"]
[Result "1-0"]
[WhiteElo "1232"]
[BlackElo "887"]
[PlyCount "71"]
[EventDate "2020.04.16"]
[WhiteTeam "Harrow Juniors D"]
[BlackTeam "Leicestershire Juniors 4"]

1. e4 e5 2. Nf3 Nc6 3. Bc4 Nf6 4. Nc3 Bc5 5. d3 O-O 6. h3 d6 7. O-O Be6 8. Be3
Bxc4 9. dxc4 Bxe3 10. fxe3 Qd7 11. Nh4 Qe7 12. Qf3 Nb4 13. Qg3 Qe6 14. Nf5 Nh5
15. Qg4 Qg6 16. Ne7+ Kh8 17. Nxg6+ hxg6 18. Qd7 Nxc2 19. Rac1 Nxe3 20. Rxf7
Rxf7 21. Qxf7 Kh7 22. Qxc7 Ng3 23. Qxb7 Rf8 24. Kh2 Ngf1+ 25. Kg1 Nd2 26. Nd5
Nxe4 27. Nxe3 Ng3 28. Qd5 Ne2+ 29. Kh2 Nxc1 30. Qd1 Nxa2 31. Qxd6 Re8 32. c5 e4
33. c6 Nb4 34. Qxb4 Re6 35. Qc4 Rd6 36. c7 1-0

[Event "Junior Online 4NCL Division 5"]
[Site "online"]
[Date "2020.04.16"]
[Round "1.14"]
[White "Sehgal, Garv"]
[Black "Valecha, Nikhil"]
[Result "1/2-1/2"]
[WhiteElo "782"]
[BlackElo "1277"]
[PlyCount "137"]
[EventDate "2020.04.16"]
[WhiteTeam "Leicestershire Juniors 4"]
[BlackTeam "Harrow Juniors D"]

1. e4 c5 2. Nc3 Nc6 3. Nf3 g6 4. Bc4 Bg7 5. O-O e6 6. d3 Nge7 7. Bg5 O-O 8. Nb5
Bxb2 9. Rb1 Bg7 10. Bf4 a6 11. Na3 d5 12. exd5 exd5 13. Bb3 Bg4 14. c4 Nd4 15.
Qd2 Nxf3+ 16. gxf3 Bxf3 17. cxd5 Nxd5 18. Bxd5 Bxd5 19. d4 Qf6 20. dxc5 Qd4 21.
Be3 Qe4 22. f3 Qe6 23. Nc2 Bxa2 24. Rxb7 Rab8 25. Rb6 Rxb6 26. cxb6 Rb8 27. Nd4
Bxd4 28. Bxd4 Qd6 29. Qxa2 Qxd4+ 30. Kh1 Rxb6 31. Qf2 Qxf2 32. Rxf2 Rb1+ 33.
Kg2 a5 34. Ra2 Rb5 35. h4 h5 36. Kg3 f5 37. f4 Kg7 38. Kf3 Kf6 39. Ke3 Rb3+ 40.
Kd4 Rb4+ 41. Kc5 Rxf4 42. Rxa5 Rxh4 43. Ra6+ Kg5 44. Ra1 f4 45. Rg1+ Kf5 46.
Kd4 f3+ 47. Ke3 Rh3 48. Rf1 Kg4 49. Rg1+ Kh4 50. Rxg6 Rg3 51. Rf6 Kg4 52. Rf4+
Kg5 53. Rxf3 Rxf3+ 54. Kxf3 h4 55. Kg2 Kg4 56. Kh2 h3 57. Kh1 Kg3 58. Kg1 Kf3
59. Kh2 Kg4 60. Kh1 Kg3 61. Kg1 Kf3 62. Kh2 Kg4 63. Kh1 Kg3 64. Kg1 Kf3 65. Kh2
Kg4 66. Kh1 Kg3 67. Kg1 h2+ 68. Kh1 Kf2 69. Kxh2 1/2-1/2

[Event "Junior Online 4NCL Division 5"]
[Site "online"]
[Date "2020.04.16"]
[Round "1.15"]
[White "Parizad, Anjal"]
[Black "Jayakumar, Bharath"]
[Result "0-1"]
[WhiteElo "1000"]
[BlackElo "1255"]
[PlyCount "60"]
[EventDate "2020.04.16"]
[WhiteTeam "Leicestershire Juniors 4"]
[BlackTeam "Harrow Juniors D"]

1. e4 c5 2. d3 d6 3. Nc3 Nf6 4. Nf3 e6 5. Be3 Be7 6. Be2 Nbd7 7. O-O O-O 8. d4
cxd4 9. Bxd4 e5 10. Be3 b6 11. b4 Bb7 12. Ng5 h6 13. Nh3 Nxe4 14. Qd3 Nxc3 15.
Qxc3 Rc8 16. Qd3 d5 17. Bg4 Bxb4 18. Qf5 Nf6 19. Bf3 e4 20. Bh5 Bd6 21. Bxh6
gxh6 22. Rae1 Bc6 23. Re3 Bd7 24. Bg6 Bxf5 25. Bh5 Nxh5 26. Ra3 Bxa3 27. Re1
Rxc2 28. Ng5 Qxg5 29. Re3 Rc1+ 30. Re1 Rxe1# 0-1

[Event "Junior Online 4NCL Division 5"]
[Site "online"]
[Date "2020.04.16"]
[Round "1.16"]
[White "Rahman, Faraz"]
[Black "Miles, Jacob"]
[Result "1-0"]
[WhiteElo "1202"]
[BlackElo "1022"]
[PlyCount "35"]
[EventDate "2020.04.16"]
[WhiteTeam "Harrow Juniors D"]
[BlackTeam "Leicestershire Juniors 4"]

1. d4 d5 2. c4 dxc4 3. e4 Qd6 4. Bxc4 Qb4+ 5. Nc3 Qxc4 6. Nf3 Bg4 7. h3 Bd7 8.
Bf4 Bb5 9. Rc1 Nf6 10. b3 Qe6 11. e5 Nh5 12. Nxb5 Nxf4 13. Nxc7+ Kd7 14. Nxe6
Nxe6 15. O-O Nc6 16. d5 g6 17. dxe6+ Ke8 18. Qd7# 1-0

[Event "Junior Online 4NCL Division 5"]
[Site "online"]
[Date "2020.04.16"]
[Round "1.17"]
[White "Norton, Laurence"]
[Black "Karjodkar, Praneeta"]
[Result "1-0"]
[WhiteElo "887"]
[BlackElo "1232"]
[PlyCount "159"]
[EventDate "2020.04.16"]
[WhiteTeam "Leicestershire Juniors 4"]
[BlackTeam "Harrow Juniors D"]

1. e4 e5 2. Nf3 Nc6 3. Nc3 Nf6 4. Bc4 Bc5 5. O-O h6 6. d3 d6 7. Be3 Be6 8. Bxe6
fxe6 9. Bxc5 dxc5 10. Nb5 O-O 11. Qd2 a6 12. Nc3 Nh5 13. Qe3 b6 14. Ne2 Qf6 15.
Ng3 Qg6 16. Nxh5 Qxh5 17. c3 Ne7 18. d4 cxd4 19. cxd4 exd4 20. Qxd4 Qg6 21. Ne5
Qf6 22. Qd7 Qxe5 23. Qxe7 Qf6 24. Qxc7 e5 25. Rad1 Rac8 26. Qb7 b5 27. f3 Qf7
28. Qxf7+ Rxf7 29. Rc1 Rd8 30. Rfd1 Rfd7 31. Rxd7 Rxd7 32. Rc8+ Kh7 33. g3 Rd1+
34. Kf2 Rd7 35. Ra8 Rd2+ 36. Ke3 Rxh2 37. Rxa6 Rh3 38. Kf2 Rh2+ 39. Kg1 Rh3 40.
f4 Rxg3+ 41. Kf2 Rg4 42. fxe5 Rxe4 43. e6 Rf4+ 44. Ke3 Rf6 45. e7 Rxa6 46. e8=Q
Rxa2 47. Qxb5 Ra3+ 48. Kd4 Rg3 49. Qf5+ Rg6 50. b4 h5 51. b5 h4 52. b6 Kh6 53.
b7 Rd6+ 54. Kc5 Rf6 55. Qe5 Rf8 56. b8=Q Rxb8 57. Qxb8 Kh5 58. Qe8+ Kg4 59. Qf7
h3 60. Kd4 h2 61. Qf2 Kh3 62. Qf1+ Kg3 63. Ke3 g5 64. Qf3+ Kh4 65. Kf2 g4 66.
Qg3+ Kh5 67. Qxh2+ Kg5 68. Kg3 Kf5 69. Qh4 Ke4 70. Qxg4+ Ke5 71. Kf3 Kf6 72.
Qh5 Ke6 73. Qc5 Kf6 74. Kf4 Kg6 75. Qg5+ Kh7 76. Qf6 Kg8 77. Qe7 Kh8 78. Kg5
Kg8 79. Kg6 Kh8 80. Qh7# 1-0

[Event "Junior Online 4NCL Division 5"]
[Site "online"]
[Date "2020.04.16"]
[Round "1.18"]
[White "Valecha, Nikhil"]
[Black "Sehgal, Garv"]
[Result "1/2-1/2"]
[WhiteElo "1277"]
[BlackElo "782"]
[PlyCount "116"]
[EventDate "2020.04.16"]
[WhiteTeam "Harrow Juniors D"]
[BlackTeam "Leicestershire Juniors 4"]

1. c4 e5 2. Nc3 Nc6 3. g3 Nf6 4. Bg2 Bc5 5. e3 O-O 6. Nge2 b6 7. O-O Bb7 8. d4
exd4 9. exd4 Bb4 10. d5 Na5 11. a3 Bc5 12. b4 c6 13. bxa5 bxa5 14. dxc6 Bxc6
15. Bxc6 dxc6 16. Qxd8 Raxd8 17. Rb1 a4 18. Nxa4 Bd4 19. Nxd4 Rxd4 20. Bb2 Rxc4
21. Bxf6 Rxa4 22. Bd4 Rxd4 23. Rb7 a5 24. Rfb1 h6 25. Rc1 Ra4 26. Rxc6 Rxa3 27.
Ra6 Ra1+ 28. Kg2 a4 29. Rba7 g5 30. Rxa4 Rxa4 31. Rxa4 f5 32. f4 g4 33. h4
gxh3+ 34. Kxh3 Kg7 35. Ra5 Kg6 36. Ra6+ Kg7 37. Kh4 Rf6 38. Rxf6 Kxf6 39. g4
fxg4 40. Kxg4 Kg6 41. f5+ Kf6 42. Kf4 h5 43. Ke4 h4 44. Kf3 Kxf5 45. Kg2 Kg4
46. Kh2 h3 47. Kh1 Kg3 48. Kg1 Kg4 49. Kh2 Kh4 50. Kg1 Kg3 51. Kh1 Kg4 52. Kh2
Kh4 53. Kg1 Kg3 54. Kh1 Kh4 55. Kh2 Kg4 56. Kg1 Kg3 57. Kh1 Kh4 58. Kh2 Kg4
1/2-1/2

[Event "Junior Online 4NCL Division 5"]
[Site "online"]
[Date "2020.04.16"]
[Round "1.21"]
[White "Bailey, Matthew"]
[Black "Chen, Zian Eric"]
[Result "1/2-1/2"]
[WhiteElo "1037"]
[BlackElo "1315"]
[PlyCount "103"]
[EventDate "2020.04.16"]
[WhiteTeam "Surbiton Juniors C"]
[BlackTeam "Surbiton Juniors B"]

1. e4 e5 2. Nf3 Nc6 3. Bc4 Nd4 4. Nxd4 exd4 5. c3 dxc3 6. Nxc3 Nf6 7. O-O c6 8.
e5 Ng8 9. b3 d5 10. Bd3 Qe7 11. Re1 Nh6 12. Re2 g6 13. Qe1 Bg7 14. e6 fxe6 15.
Bb2 O-O 16. Bc2 Qh4 17. g3 Qh3 18. Qf1 Qxf1+ 19. Rxf1 Bxc3 20. Bxc3 Nf5 21. g4
d4 22. Bb2 Nd6 23. Bxd4 Nb5 24. Bc5 Rf7 25. f4 b6 26. Bb4 a5 27. Bc3 Nxc3 28.
dxc3 Ba6 29. c4 b5 30. Ref2 bxc4 31. f5 exf5 32. gxf5 gxf5 33. Rxf5 Rxf5 34.
Rxf5 cxb3 35. axb3 Kg7 36. Be4 Bc8 37. Bxc6 Bxf5 38. Bxa8 Be6 39. Bc6 Bxb3 40.
h4 Kg6 41. Be4+ Kh5 42. Bxh7 Kxh4 43. Kg2 a4 44. Bb1 Kg4 45. Kf2 Kf4 46. Ke2
Bc4+ 47. Kd2 Bb3 48. Kc3 Bf7 49. Kb2 Ke5 50. Bc2 Be8 51. Ka3 Kd5 52. Bxa4
1/2-1/2

[Event "Junior Online 4NCL Division 5"]
[Site "online"]
[Date "2020.04.16"]
[Round "1.22"]
[White "White, Alexander"]
[Black "Rabie, Jamie"]
[Result "1-0"]
[WhiteElo "1255"]
[BlackElo "1000"]
[PlyCount "61"]
[EventDate "2020.04.16"]
[WhiteTeam "Surbiton Juniors B"]
[BlackTeam "Surbiton Juniors C"]

1. e4 e5 2. Nf3 Nc6 3. d4 d6 4. Bb5 Bd7 5. O-O Be7 6. c3 Nf6 7. Bg5 Nxe4 8. Re1
Nxg5 9. dxe5 dxe5 10. Nxe5 Nxe5 11. Rxe5 Bxb5 12. Rxb5 b6 13. Rd5 Qc8 14. Qa4+
Qd7 15. Qxd7+ Kf8 16. Re5 Ne6 17. Nd2 Nc5 18. Qxe7+ Kg8 19. Rae1 h6 20. Rf5 Nd3
21. Re4 Nc5 22. Qxf7+ Kh7 23. Ree5 Raf8 24. Qd5 Rxf5 25. Rxf5 Kg6 26. Qf7+ Kh7
27. Re5 Nd3 28. Re7 Rg8 29. Ne4 Nxb2 30. Nf6+ Kh8 31. Qxg8# 1-0

[Event "Junior Online 4NCL Division 5"]
[Site "online"]
[Date "2020.04.16"]
[Round "1.23"]
[White "Broux, Tristan"]
[Black "Morrison, Matthew"]
[Result "0-1"]
[WhiteElo "955"]
[BlackElo "1217"]
[PlyCount "56"]
[EventDate "2020.04.16"]
[WhiteTeam "Surbiton Juniors C"]
[BlackTeam "Surbiton Juniors B"]

1. Nf3 d5 2. Nc3 Nf6 3. e3 Nc6 4. d4 Bf5 5. Qd2 e6 6. Ne5 Nxe5 7. dxe5 Ng4 8.
f3 Nxe5 9. f4 Nc6 10. b4 Bxb4 11. Nb5 Bxd2+ 12. Bxd2 Bxc2 13. Rc1 Ba4 14. Rb1
Bxb5 15. Rxb5 a6 16. Rxb7 Rb8 17. Bxa6 Rxb7 18. Bxb7 Na5 19. Bxa5 O-O 20. O-O
d4 21. Rc1 dxe3 22. Bxc7 Qd2 23. Rf1 e2 24. Bd6 e1=Q 25. Ba6 Qde3+ 26. Kh1
Qxf1+ 27. Bxf1 Qf2 28. Bxf8 Qxf1# 0-1

[Event "Junior Online 4NCL Division 5"]
[Site "online"]
[Date "2020.04.16"]
[Round "1.24"]
[White "Baguley, Rory"]
[Black "Allam, Sebastian"]
[Result "1-0"]
[WhiteElo "1187"]
[BlackElo "925"]
[PlyCount "55"]
[EventDate "2020.04.16"]
[WhiteTeam "Surbiton Juniors B"]
[BlackTeam "Surbiton Juniors C"]

1. e4 e5 2. Nf3 c6 3. Nc3 Nf6 4. d3 d5 5. Bg5 h6 6. Bd2 Bb4 7. Be2 Bg4 8. O-O
d4 9. Na4 Bxd2 10. Qxd2 O-O 11. h3 b5 12. Nc5 Bxf3 13. Bxf3 a5 14. Nb7 Qb6 15.
Nd6 Rd8 16. Nf5 b4 17. Ne7+ Kf8 18. Nf5 Re8 19. Rab1 c5 20. c3 bxc3 21. bxc3
dxc3 22. Qxc3 Nc6 23. Rxb6 Nb4 24. Qxc5+ Re7 25. Qxe7+ Kg8 26. Rxf6 gxf6 27.
Qxf6 Nxa2 28. Qg7# 1-0

[Event "Junior Online 4NCL Division 5"]
[Site "online"]
[Date "2020.04.16"]
[Round "1.25"]
[White "Chen, Zian Eric"]
[Black "Bailey, Matthew"]
[Result "1-0"]
[WhiteElo "1315"]
[BlackElo "1037"]
[PlyCount "133"]
[EventDate "2020.04.16"]
[WhiteTeam "Surbiton Juniors B"]
[BlackTeam "Surbiton Juniors C"]

1. e4 c5 2. Bb5 Nf6 3. e5 Nd5 4. Nf3 Nc6 5. Bxc6 dxc6 6. d4 c4 7. Bd2 g6 8. Nc3
Bg7 9. Nxd5 cxd5 10. b3 O-O 11. bxc4 dxc4 12. O-O Bg4 13. h3 Bh5 14. Rb1 Rc8
15. Rxb7 Rc7 16. Rxc7 Qxc7 17. c3 f6 18. exf6 Bxf6 19. Bh6 Rf7 20. Qe2 g5 21.
Qe3 g4 22. Ne5 Bxe5 23. Qxe5 Qxe5 24. dxe5 gxh3 25. gxh3 Be2 26. Re1 Bh5 27. e6
Rf6 28. Be3 Rg6+ 29. Kh2 Rxe6 30. Rg1+ Bg6 31. Bxa7 Ra6 32. Bc5 Kf7 33. Ra1 Ke6
34. a3 Kd5 35. Bxe7 Re6 36. Bb4 Rf6 37. Kg1 Ke4 38. Re1+ Kd3 39. Kf1 Kd2 40.
Re2+ Kd3 41. Ke1 Rf3 42. a4 Be8 43. a5 Bb5 44. Rd2+ Ke4 45. Rd4+ Ke5 46. Rd2
Rxh3 47. Kd1 Rh1+ 48. Kc2 h5 49. Rd1 Rh2 50. Kb2 h4 51. Bd6+ Kf5 52. Bxh2 Kg4
53. Ka3 Ba6 54. Rd4+ Kh3 55. Bc7 Kg2 56. Rxh4 Kxf2 57. Rh6 Bb5 58. Kb4 Bd7 59.
a6 Ke3 60. a7 Kd3 61. a8=Q Ke3 62. Qd5 Ke2 63. Qxd7 Ke3 64. Re6+ Kf3 65. Qf7+
Kg4 66. Rg6+ Kh5 67. Qh7# 1-0

[Event "Junior Online 4NCL Division 5"]
[Site "online"]
[Date "2020.04.16"]
[Round "1.26"]
[White "White, Alexander"]
[Black "Rabie, Jamie"]
[Result "0-1"]
[WhiteElo "1255"]
[BlackElo "1000"]
[PlyCount "82"]
[EventDate "2020.04.16"]
[WhiteTeam "Surbiton Juniors B"]
[BlackTeam "Surbiton Juniors C"]

1. e4 e5 2. Nf3 Nc6 3. d4 d6 4. Bb5 Bd7 5. dxe5 dxe5 6. Bg5 f6 7. Be3 Qe7 8.
Bc5 Qxc5 9. Nxe5 Qxe5 10. Nc3 Bb4 11. Bd3 Bxc3+ 12. bxc3 Qxc3+ 13. Kf1 Nb4 14.
Qh5+ g6 15. Qd1 Nxd3 16. cxd3 Qd4 17. a4 O-O-O 18. e5 Qxe5 19. Rb1 Qd4 20. Qf3
Bc6 21. Qg4+ Qxg4 22. f3 Qxa4 23. Kf2 Qc2+ 24. Ke3 Qxd3+ 25. Kf2 Re8 26. Rhe1
Rxe1 27. Rxe1 Qd2+ 28. Re2 Qd3 29. f4 Nh6 30. h4 Nf5 31. Re6 Qg3+ 32. Ke2 Rf8
33. h5 gxh5 34. Kd2 Qxg2+ 35. Re2 Qg4 36. Re4 Bxe4 37. Kc3 Qxf4 38. Kc4 Ne3+
39. Kc5 b6+ 40. Kb5 Bd3+ 41. Kc6 Qd6# {wrong colour} 0-1

[Event "Junior Online 4NCL Division 5"]
[Site "online"]
[Date "2020.04.16"]
[Round "1.27"]
[White "Morrison, Matthew"]
[Black "Broux, Tristan"]
[Result "1-0"]
[WhiteElo "1217"]
[BlackElo "955"]
[PlyCount "61"]
[EventDate "2020.04.16"]
[WhiteTeam "Surbiton Juniors B"]
[BlackTeam "Surbiton Juniors C"]

1. d4 d5 2. c4 dxc4 3. e4 e6 4. Bxc4 Bb4+ 5. Nc3 e5 6. dxe5 Ne7 7. Nf3 g5 8.
Nxg5 Rg8 9. Nxf7 Qxd1+ 10. Kxd1 Rf8 11. Ng5 Rg8 12. Nxh7 Rxg2 13. Nf6+ Kf8 14.
Ncd5 Rxf2 15. Nxb4 Rf4 16. Bxf4 Bg4+ 17. Kc1 Ng6 18. Rg1 Nxf4 19. Rxg4 a5 20.
Rg8+ Ke7 21. Nfd5+ Nxd5 22. Nxd5+ Kf7 23. Nxc7+ Ke7 24. Nxa8 Nc6 25. Rg7+ Kf8
26. Rxb7 Nd8 27. Ra7 Nc6 28. Rc7 Nxe5 29. Kc2 Nf3 30. Rd1 Ne5 31. Rd8# 1-0

[Event "Junior Online 4NCL Division 5"]
[Site "online"]
[Date "2020.04.16"]
[Round "1.31"]
[White "Cheema, Jaideep C"]
[Black "Patel, Aaron"]
[Result "1-0"]
[WhiteElo "1337"]
[BlackElo "1000"]
[PlyCount "33"]
[EventDate "2020.04.16"]
[WhiteTeam "Brentwood 2"]
[BlackTeam "Harrow Juniors F"]

1. e4 e5 2. Nf3 Nc6 3. Nc3 Nf6 4. Bc4 Nxe4 5. Nxe4 d5 6. Bxd5 Qxd5 7. Nc3 Qd8
8. d3 Bg4 9. h3 Bxf3 10. Qxf3 Bc5 11. Be3 Bd6 12. O-O-O O-O 13. h4 Qd7 14. h5
a6 15. h6 g6 16. Qf6 Rfb8 17. Qg7# 1-0

[Event "Junior Online 4NCL Division 5"]
[Site "online"]
[Date "2020.04.16"]
[Round "1.32"]
[White "Pipalia, Ayush"]
[Black "Omoruyi, Jaden"]
[Result "0-1"]
[WhiteElo "1022"]
[BlackElo "1217"]
[PlyCount "122"]
[EventDate "2020.04.16"]
[WhiteTeam "Harrow Juniors F"]
[BlackTeam "Brentwood 2"]

1. d4 Nf6 2. Bf4 d5 3. Nf3 Bf5 4. e3 e6 5. Bd3 Bg6 6. Be2 Nc6 7. a3 Bd6 8. Bg3
O-O 9. Nc3 a5 10. O-O Bxg3 11. fxg3 Ne4 12. Nxe4 dxe4 13. Ne5 Nxe5 14. dxe5
Qxd1 15. Raxd1 Rfd8 16. Rxd8+ Rxd8 17. Rd1 Rxd1+ 18. Bxd1 Kf8 19. Kf2 Ke7 20.
Bg4 Kd7 21. Ke2 Kc6 22. Kd2 Kd5 23. b4 axb4 24. axb4 Kxe5 25. Kc3 f5 26. Be2
Be8 27. Kc4 b5+ 28. Kc3 c6 29. h3 Kd5 30. g4 g6 31. g5 c5 32. bxc5 Kxc5 33. Kb3
b4 34. c3 bxc3 35. Kxc3 Bb5 36. Bd1 Bf1 37. h4 Bxg2 38. Be2 Kd5 39. Bc4+ Ke5
40. Bb5 f4 41. Kd2 fxe3+ 42. Kxe3 Kf5 43. Kf2 Bf3 44. Bf1 Kg4 45. Ke3 Kxh4 46.
Bc4 Kxg5 47. Bxe6 h5 48. Bh3 Bg4 49. Bg2 Bf5 50. Bxe4 Bxe4 51. Kxe4 h4 52. Kf3
Kf5 53. Kg2 Kg4 54. Kg1 g5 55. Kh1 Kf3 56. Kg1 g4 57. Kh1 Kf2 58. Kh2 g3+ 59.
Kh1 g2+ 60. Kh2 g1=Q+ 61. Kh3 Qg3# 0-1

[Event "Junior Online 4NCL Division 5"]
[Site "online"]
[Date "2020.04.16"]
[Round "1.33"]
[White "Kriel, Daniel"]
[Black "Patel, Shailen"]
[Result "1-0"]
[WhiteElo "1090"]
[BlackElo "1060"]
[PlyCount "85"]
[EventDate "2020.04.16"]
[WhiteTeam "Brentwood 2"]
[BlackTeam "Harrow Juniors F"]

1. e4 c5 2. Nf3 e6 3. Bc4 d6 4. Nc3 Nf6 5. d3 Be7 6. Be3 O-O 7. O-O Nc6 8. h3
Bd7 9. a3 Qb6 10. Qb1 Rac8 11. b4 cxb4 12. axb4 Rfd8 13. b5 Ne5 14. Ba2 Nxf3+
15. Kh1 Nd4 16. Qb2 Qa5 17. Bxd4 e5 18. Be3 a6 19. Bxf7+ Kxf7 20. Rxa5 axb5 21.
Nxb5 Bxh3 22. gxh3 Nh5 23. Qb3+ Ke8 24. Na7 Ra8 25. Qb6 Kd7 26. Nc6 Rf8 27.
Qxb7+ Ke6 28. Rxa8 Rf5 29. Rg1 Bh4 30. Rg2 Ng3+ 31. fxg3 Rf1+ 32. Kh2 Re1 33.
gxh4 Rxe3 34. Qxg7 Rxh3+ 35. Kxh3 d5 36. Qxe5+ Kd7 37. Qxd5+ Kc7 38. Re8 h5 39.
Nd4 Kb6 40. Rc8 Ka6 41. Rg1 Kb6 42. Rb1+ Ka7 43. Qa5# 1-0

[Event "Junior Online 4NCL Division 5"]
[Site "online"]
[Date "2020.04.16"]
[Round "1.34"]
[White "Horwood, Alexander"]
[Black "Coppell, Gracie"]
[Result "1/2-1/2"]
[WhiteElo "1000"]
[BlackElo "1000"]
[PlyCount "39"]
[EventDate "2020.04.16"]
[WhiteTeam "Harrow Juniors F"]
[BlackTeam "Brentwood 2"]

1. e4 e5 2. Nf3 Nc6 3. Nc3 Nf6 4. Bc4 d5 5. exd5 Ne7 6. Bb5+ Bd7 7. Bc4 g6 8.
Nxe5 Rg8 9. Bb3 b6 10. O-O Bg4 11. f3 Bh5 12. Re1 Bh6 13. Ba4+ Kf8 14. Qe2
Nexd5 15. Nb5 Nd7 16. Qc4 c6 17. Qb4+ Ke8 18. Qc3 Nxc3 19. dxc3 Bxc1 20. Raxc1
1/2-1/2

[Event "Junior Online 4NCL Division 5"]
[Site "online"]
[Date "2020.04.16"]
[Round "1.35"]
[White "Patel, Aaron"]
[Black "Cheema, Jaideep C"]
[Result "0-1"]
[WhiteElo "1000"]
[BlackElo "1337"]
[PlyCount "124"]
[EventDate "2020.04.16"]
[WhiteTeam "Harrow Juniors F"]
[BlackTeam "Brentwood 2"]

1. e4 e5 2. f4 Nc6 3. Nf3 d6 4. Bc4 Be6 5. Bxe6 fxe6 6. Nc3 exf4 7. d3 Nf6 8.
Bxf4 e5 9. Be3 Be7 10. O-O d5 11. exd5 Nxd5 12. Nxd5 Qxd5 13. Qd2 O-O-O 14. b3
Bf6 15. Rae1 Nd4 16. Nxd4 exd4 17. Bf4 Rhe8 18. Rxe8 Rxe8 19. Bg3 Be5 20. Bxe5
Qxe5 21. h3 Qe3+ 22. Qxe3 Rxe3 23. Rf8+ Kd7 24. Rf7+ Re7 25. Rxe7+ Kxe7 26. Kf2
Kf6 27. Kf3 Kf5 28. g4+ Ke5 29. h4 g6 30. a3 c5 31. a4 a6 32. a5 Kd5 33. Kf4 h6
34. g5 h5 35. Kf3 Ke5 36. Kg3 Kf5 37. Kh3 Kf4 38. Kg2 Kg4 39. Kf2 Kxh4 40. Kf3
Kxg5 41. Ke4 h4 42. Kf3 Kf5 43. Kg2 Kg4 44. Kh2 g5 45. Kg2 Kf4 46. Kh3 Kf5 47.
Kg2 Kg4 48. Kh2 h3 49. Kh1 Kh4 50. Kh2 g4 51. Kg1 g3 52. Kh1 Kg4 53. Kg1 Kf3
54. Kh1 g2+ 55. Kg1 h2+ 56. Kxh2 Kf2 57. Kh3 g1=Q 58. Kh4 Kf3 59. Kh5 Kf4 60.
Kh6 Kf5 61. Kh7 Kf6 62. Kh8 Qg7# 0-1

[Event "Junior Online 4NCL Division 5"]
[Site "online"]
[Date "2020.04.16"]
[Round "1.36"]
[White "Omoruyi, Jaden"]
[Black "Pipalia, Ayush"]
[Result "1-0"]
[WhiteElo "1217"]
[BlackElo "1022"]
[PlyCount "75"]
[EventDate "2020.04.16"]
[WhiteTeam "Brentwood 2"]
[BlackTeam "Harrow Juniors F"]

1. d4 Nf6 2. c4 g6 3. Nc3 Bg7 4. Nf3 O-O 5. Bf4 Nc6 6. Nb5 d6 7. d5 Nb4 8. a3
Na6 9. Nc3 Nc5 10. b4 Nce4 11. Nxe4 Nxe4 12. Rc1 Nf6 13. Qd2 Ne4 14. Qe3 Bc3+
15. Kd1 Bf5 16. Ng5 Bg7 17. Nxe4 Bxe4 18. Qxe4 e5 19. Bd2 b6 20. g3 f5 21. Qb1
e4 22. Bg2 Re8 23. Rf1 Rc8 24. f3 c5 25. fxe4 fxe4 26. Bxe4 cxb4 27. axb4 Rb8
28. Bg2 a5 29. bxa5 bxa5 30. Qa2 Ra8 31. Rb1 Qe7 32. Bf3 Qa7 33. h4 h5 34. Kc2
a4 35. Rb4 a3 36. Rb3 Bb2 37. Be3 Rab8 38. Bxa7 1-0

[Event "Junior Online 4NCL Division 5"]
[Site "online"]
[Date "2020.04.16"]
[Round "1.37"]
[White "Patel, Shailen"]
[Black "Kriel, Daniel"]
[Result "0-1"]
[WhiteElo "1060"]
[BlackElo "1090"]
[PlyCount "134"]
[EventDate "2020.04.16"]
[WhiteTeam "Harrow Juniors F"]
[BlackTeam "Brentwood 2"]

1. e4 e5 2. Nf3 Nc6 3. Bc4 h6 4. O-O Nf6 5. Nc3 Bc5 6. d3 d6 7. Be3 Be6 8. Bxe6
fxe6 9. Nd2 Bxe3 10. fxe3 Qe7 11. Qf3 O-O-O 12. Qg3 Rhg8 13. Rad1 g5 14. d4
exd4 15. exd4 Nxd4 16. Rc1 d5 17. exd5 exd5 18. Qh3+ Kb8 19. Qxh6 Qg7 20. Qh3
Rgf8 21. Nf3 Rc8 22. Nxd4 Ne4 23. Nxe4 Qxd4+ 24. Kh1 Rxf1+ 25. Rxf1 Qxe4 26.
Qf3 Qxf3 27. gxf3 Re8 28. h3 a5 29. Rd1 b6 30. Rxd5 Re1+ 31. Kg2 Ra1 32. a3 Rc1
33. c3 Rc2+ 34. Kg3 Rxb2 35. Rxg5 Rb3 36. Rg8+ Kb7 37. f4 Rxc3+ 38. Kh4 Rxa3
39. f5 Rf3 40. Rf8 a4 41. f6 a3 42. f7 a2 43. Ra8 Rxf7 44. Rxa2 Rh7+ 45. Kg3 c5
46. Rc2 Kc6 47. Kf3 Rxh3+ 48. Ke4 Rb3 49. Kf4 Rd3 50. Ke5 b5 51. Ke4 Rd8 52.
Ke5 b4 53. Ke6 Kb5 54. Ke7 Rd1 55. Ke6 c4 56. Ke5 b3 57. Rb2 Kb4 58. Ke4 c3 59.
Rxb3+ Kxb3 60. Ke3 c2 61. Ke2 Rd8 62. Ke3 c1=R 63. Ke4 Re1+ 64. Kf5 Rf8+ 65.
Kg6 Rg1+ 66. Kh7 Rf2 67. Kh6 Rh2# 0-1